Héctor Cúper's Inter - Statistics

General Stats
  • This quiz has been taken 4 times
  • The average score is 28 of 54
Answer Stats
Rank Player Position Nationality Matches Goals Assists % Correct
8 Álvaro Recoba Second Striker 65 18 22
100%
17 Clarence Seedorf Central Midfield 32 4 5
100%
11 Cristiano Zanetti Defensive Midfield 63 2 3
100%
7 Emre Belözoğlu Central Midfield 66 4 7
100%
2 Francesco Toldo Goalkeeper 102 0 1
100%
3 Iván Córdoba Centre-Back 94 3 2
100%
1 Javier Zanetti Right-Back 105 3 6
100%
5 Marco Materazzi Centre-Back 71 5 2
100%
10 Mohamed Kallon Centre-Forward 64 20 8
100%
28 Obafemi Martins Centre-Forward 17 5 1
100%
31 Adriano Centre-Forward 14 1 1
75%
6 Christian Vieri Centre-Forward 69 55 8
75%
18 Francesco Coco Left-Back 31 0 1
75%
19 Hernán Crespo Centre-Forward 30 16 8
75%
39 Kily González Left Midfield 6 0 2
75%
4 Luigi Di Biagio Defensive Midfield 83 11 5
75%
9 Sérgio Conceição Right Winger 65 2 10
75%
36 Thomas Helveg Right-Back 8 0 1
75%
13 Andrés Guglielminpietro Left Midfield 48 1 5
50%
37 Andy van der Meyde Right Winger 6 1 1
50%
53 Benoît Cauet Central Midfield 1 0 0
50%
30 Daniele Adani Centre-Back 15 2 0
50%
25 Dario Simic Centre-Back 21 0 0
50%
33 Grigoris Georgatos Left-Back 12 1 1
50%
27 Javier Farinós Defensive Midfield 20 0 0
50%
38 Julio Cruz Centre-Forward 6 2 0
50%
21 Matías Almeyda Defensive Midfield 28 1 1
50%
54 Mattia Altobelli Attacking Midfield 1 0 0
50%
22 Nicola Ventola Centre-Forward 27 10 3
50%
29 Ronaldo Centre-Forward 16 7 2
50%
35 Alberto Fontana Goalkeeper 8 0 0
25%
48 Alessandro Potenza Right-Back 1 0 0
25%
52 Bernardo Corradi Centre-Forward 1 0 0
25%
26 Carlos Gamarra Centre-Back 20 0 0
25%
23 Domenico Morfeo Attacking Midfield 27 2 3
25%
14 Fabio Cannavaro Centre-Back 47 1 1
25%
32 Gabriel Batistuta Centre-Forward 12 2 1
25%
20 Giovanni Pasquale Left Midfield 29 0 0
25%
34 Gonzalo Sorondo Centre-Back 12 0 0
25%
44 Jérémie Bréchet Centre-Back 3 0 0
25%
46 Luca Franchini Left-Back 2 0 0
25%
41 Luciano Right Midfield 4 0 0
25%
51 Mario Rebecchi Central Midfield 1 0 0
25%
45 Michele Serena Left-Back 2 0 0
25%
24 Nelson Vivas Right-Back 22 0 0
25%
40 Nicola Beati Defensive Midfield 5 0 1
25%
43 Nicola Napolitano Central Midfield 4 0 0
25%
16 Okan Buruk Right Midfield 33 2 4
25%
50 Pasquale Padalino Centre-Back 1 0 0
25%
42 Sabri Lamouchi Central Midfield 4 0 0
25%
47 Salvatore Ferraro Centre-Back 2 0 0
25%
12 Stéphane Dalmat Central Midfield 49 2 5
25%
15 Vratislav Gresko Left-Back 34 1 5
25%
49 Wellington Fraga Attacking Midfield 1 0 0
25%
No matching quizzes found
Score Distribution
Percent of People with Each Score
Percentile by Number Answered
Your Score History
You have not taken this quiz